000 01312nam0a22002531 4500
001 v19\rc\1783391
005 20250619074021.0
035 _a(NLR Aleph) 004876837
090 _a5137393
_c5137393
100 _a20061204d1904 |||y0rusy50 ca
101 0 _arus
_aest
_ager
102 _aRU
105 _ay z |||||
200 1 _aУстав Вспомогательной и похоронной кассы ревельских золотых и серебряных изделий мастеров и подмастерьев, ювелиров, граверов, чеканщиков, позолотчиков и других ревельских ремесленников, занимающихся серебряно-позументным мастерством
_e[Утв. 23 марта 1904 г.]
210 _aРевель
_d1904
215 _a16, 16, 16 с.
300 _aТекст парал. на рус., эстон. и нем. яз.
710 0 2 _aРевельская вспомогательная и похоронная касса золотых и серебряных изделий мастеров и подмастерьев и т. д.
801 0 _aRU
_bNLR
_gpsbo
801 0 _aRU
_bRuMoRGB
_2psbo
801 1 _aRU
_bProSoft-M
_2rusmarc
852 _aNLR
_j34.48.6.1263
942 _cBOOK
980 _aNB